| 000 | 00558nam a2200193Ia 4500 | ||
|---|---|---|---|
| 003 | LK-CoDNM | ||
| 005 | 20240402154602.0 | ||
| 008 | 140723t2022 xxu||||| |||| 00| 1 sin d | ||
| 020 | _a9789553079084 | ||
| 040 |
_aLK-CoDNM _dLK-CoDNM _eLK-CoDNM |
||
| 041 | _asin | ||
| 080 |
_a8-32 _bSOP |
||
| 100 |
_aසෙොපොක්ලීස් _vSopoklies |
||
| 245 | _aඊඩිප්ස් රජ | ||
| 246 | _aEdips Raja | ||
| 260 |
_bS.Godage Publisher _aColombo _c2022 |
||
| 700 |
_aආරියවංශ රණවීර _yAriyawansa Ranaweera |
||
| 942 | _cBK | ||
| 999 |
_c79926 _d79926 |
||